00683nam a22001931 4500008004100000100003000041245007300071260004700144300003600191504004800227650003500275650003300310650004000343650003700383710004200420003000100462005001700463040000900480 1 aHitchcock, Henry Russell.10aLatin American architecture since 1945 /cHenry - Russell Hitchcock. aNew York :bMuseum of Modern Art,c[1955]. a203 p. :bill., plans ;c25 cm. a"Bibliographies of architects": p. 198-200. 0aArchitecturexSpanish America. 0aArchitecturezLatin America. 0aArchitecture, Moderny20th century. 0aArchitecturevDesigns and plans.2 aMuseum of Modern Art (New York, N.Y.)20230120131026.0 cNUST